| 000 | 00518cam a2200145 4500500 | ||
|---|---|---|---|
| 005 | 20251012021651.0 | ||
| 041 | _afre | ||
| 042 | _adc | ||
| 100 | 1 | 0 |
_aLoizillon, Victor _eauthor |
| 245 | 0 | 0 | _aMircea Cărtărescu Théodoros Traduit du roumain par Laure Hinckel. Noir sur Blanc, 2024, 608 pages, 27 €. |
| 260 | _c2025. | ||
| 500 | _a4 | ||
| 786 | 0 | _nÉtudes | Avril | 4 | 2025-03-24 | p. 125a-126 | 0014-1941 | |
| 856 | 4 | 1 | _uhttps://shs.cairn.info/revue-etudes-2025-4-page-125a?lang=fr&redirect-ssocas=7080 |
| 999 |
_c1539090 _d1539090 |
||